000 00711nam a22001937a 4500
005 20251006160130.0
010 _aENG-146954
020 _a9788197759093
_c4495.00
035 _aEN-130486
037 _bDBAD
082 _a340.03
_26
100 _aAiyar's, P Ramanatha
_985375
245 _aThe Law Lexicon:
_bThe Encyclopaedic Law Dictionary with lLgal Maxims, Latin Terms and Words & Phrases/
_cby P Ramanatha Aiyar's
250 _a6
260 _aHaryana
_bLexisNexis
_c2025
270 _a14th Floor, Building No. 10, Tower-B, DLF Cyber City, Phase-II, Gurgaon
_bHaryana
_e122002
_k+91-124-4774444
_l+91-1244774100
300 _axlii, 2144p
_c24cm.(Hb)
942 _2ddc
_cEN
_h340.03
_mAIY
_e6
999 _c213573
_d213573